| Tag |
First Indicator |
Second Indicator |
Subfields |
| LEADER |
00000cam a2200000 a 4500 |
| 001 |
in00000006450 |
| 005 |
20151001090007.0 |
| 007 |
he bmb024bbca |
| 008 |
991029s1998 wiua bb f000 0 eng d |
| 035 |
|
|
|a (OCoLC)42727232
|
| 035 |
|
|
|9 AJL6252AM
|
| 040 |
|
|
|a GPO
|c GPO
|d DLC
|d MvI
|d UtOrBLW
|
| 049 |
|
|
|a UMIC
|
| 074 |
|
|
|a 0083-B-06 (MF)
|
| 086 |
0 |
|
|a A 13.88:FPL-GTR-107
|
| 245 |
0 |
0 |
|a Plans for crash-tested bridge railings for longitudinal wood decks on low-volume roads /
|c Michael A. Ritter [and others].
|
| 246 |
2 |
|
|a Plans for crash tested bridge railings for longitudinal wood decks on low-volume roads
|
| 264 |
|
1 |
|a Madison, WI (One Gifford Pinchot Dr., Madison 53705-2398) :
|b U.S. Dept. of Agriculture, Forest Service, Forest Products Laboratory,
|c [1998]
|
| 300 |
|
|
|a 11 unnumbered pages :
|b illustrations ;
|c 44 x 28 cm.
|
| 336 |
|
|
|a text
|b txt
|2 rdacontent
|
| 337 |
|
|
|a microform
|b h
|2 rdamedia
|
| 338 |
|
|
|a microfiche
|b he
|2 rdacarrier
|
| 490 |
1 |
|
|a General technical report FPL ;
|v GTR-107
|
| 500 |
|
|
|a Cover title.
|
| 500 |
|
|
|a Shipping list number: 99-0923-M.
|
| 500 |
|
|
|a "August 1998"--P. [2] of cover.
|
| 500 |
|
|
|a Shipping List Date: 10/14/1999
|
| 504 |
|
|
|a Includes bibliographical references (page [1]).
|
| 533 |
|
|
|a Microfiche.
|b [Washington, D.C.] :
|c Supt. of Docs., U.S. G.P.O.,
|d [1999]
|e 13 microfiches : negative.
|
| 500 |
|
|
|a Microform.
|
| 650 |
|
0 |
|a Wooden bridges
|x Design and construction.
|
| 650 |
|
0 |
|a Bridge railings
|x Design and construction.
|
| 700 |
1 |
|
|a Ritter, Michael A.
|
| 710 |
2 |
|
|a Forest Products Laboratory (U.S.)
|
| 830 |
|
0 |
|a General technical report FPL ;
|v 107.
|
| 999 |
|
|
|a MARS
|
| 999 |
f |
f |
|s e2a2a25d-c04a-3322-b8b1-e5eb2ead1988
|i 01ece56b-3e95-3f24-89ee-9ed933f920d9
|t 0
|
| 952 |
f |
f |
|p normal
|a Texas A&M University
|b College Station
|c Sterling C. Evans Library
|d Evans: US Documents (Annex 5th floor)
|t 0
|e A 13.88:FPL-GTR-107
|f Oversize
|h Superintendent of Documents classification
|i microform -- microfiche
|m A14828686241
|
| 952 |
f |
f |
|p normal
|a Texas A&M University
|b College Station
|c Sterling C. Evans Library
|d Evans: US Documents Microfiche (3rd floor)
|t 0
|e A 13.88:FPL-GTR-107
|h Superintendent of Documents classification
|i microform -- microfiche
|m A14825622298
|
| 998 |
f |
f |
|a A 13.88:FPL-GTR-107
|t 0
|l Evans: US Documents (Annex 5th floor)
|
| 998 |
f |
f |
|a A 13.88:FPL-GTR-107
|t 0
|l Evans: US Documents Microfiche (3rd floor)
|